Statistics for Russia by Picture

Click here to take the quiz!

General Stats

  • This quiz has been taken 8,703 times
    (8,668 since last reset)
  • The average score is 11 of 18

Answer Stats

Answer % Correct
Vladimir Putin
99%
Grigori Rasputin
82%
Sputnik 1
80%
Periodic Table
80%
Catherine the Great
78%
Trans-Siberian Railway
71%
Kremlin
69%
Cyrillic
68%
Lake Baikal
65%
Maria Sharapova
59%
{Bolshoy} Theatre
58%
St. {Basil}'s Cathedral
58%
{Fabergé} Egg
52%
Mount Elbrus
46%
Kamchatka
45%
Hermitage
42%
Balalaika
38%
Sakhalin
31%

Score Distribution

Percentile by Number Answered

Percent of People with Each Score

Your Score History

You have not taken this quiz since the last reset